[Event "DEM U12w 2017"]
[Site "Willingen GER"]
[Date "2017.06.05"]
[Round "4"]
[White "Ziegenfuß, Antonia"]
[Black "Bashylina, Luisa"]
[Result "1-0"]
[Termination "normal"]
[Board "3"]
[WhiteElo "1911"]
[BlackElo "1525"]
[WhiteClock "00:15:09"]
[BlackClock "00:17:13"]
[PlyCount "89"]
[WhiteFideId "12962554"]
[BlackFideId "12983292"]
[EventCountry "GER"]
[EventRounds "11"]
[EventType "swiss"]
[EventDate "2017.06.03"]

1. d4 d5 2. c4 e6 3. Nc3 Nf6 4. cxd5 exd5 5. Bg5 Nbd7 6. e3 c6 7. Qc2 Be7 8.
Bd3 O-O 9. Nge2 Re8 10. O-O Nf8 11. f3 h6 12. Bh4 c5 13. Bf2 b6 14. Rad1 Bb7
15. Rfe1 Ne6 16. Bf5 Nc7 17. Nf4 Bd6 18. Bg3 Bc8 19. Kh1 g5 20. Nh3 Bxg3 21.
hxg3 Nh5 22. Kh2 Qd6 23. f4 gxf4 24. gxf4 cxd4 25. Rxd4 Ng7 26. Bxc8 Raxc8 27.
Qf2 Nf5 28. Rdd1 Qe6 29. e4 dxe4 30. Nxe4 Qc6 31. Rc1 Qg6 32. g4 Nd6 33. f5
Nxe4 34. fxg6 Nxf2 35. Rxc7 Nxg4+ 36. Kg3 f5 37. Nf4 Nf6 38. Rxe8+ Rxe8 39.
Rxa7 Ne4+ 40. Kg2 Nc5 41. Nh5 Rf8 42. Rg7+ Kh8 43. Rh7+ Kg8 44. g7 Re8 45. Rh8+
1-0

[Event "DEM U12w 2017"]
[Site "Willingen GER"]
[Date "2017.06.05"]
[Round "4"]
[White "Dietz, Kristin"]
[Black "Derling, Charlotte"]
[Result "1-0"]
[Termination "normal"]
[Board "4"]
[WhiteElo "1733"]
[BlackElo "1073"]
[WhiteClock "00:38:16"]
[BlackClock "00:06:37"]
[PlyCount "123"]
[WhiteFideId "12993743"]
[BlackFideId "16222237"]
[EventCountry "GER"]
[EventRounds "11"]
[EventType "swiss"]
[EventDate "2017.06.03"]

1. e4 e5 2. Nf3 Nc6 3. Bc4 Bc5 4. b4 Bxb4 5. c3 Bc5 6. d4 exd4 7. cxd4 Bb4+ 8.
Bd2 Bxd2+ 9. Nbxd2 Nf6 10. O-O O-O 11. e5 Ng4 12. Ne4 d6 13. exd6 cxd6 14. d5
Nce5 15. Nfd2 Nf6 16. Re1 Re8 17. Qa4 Bf5 18. Ng3 Bd7 19. Qb4 Bc8 20. Bb5 Bd7
21. Bxd7 Qxd7 22. Re2 Nxd5 23. Qd4 Nf6 24. Rb1 b6 25. Rd1 Rad8 26. Nde4 Nxe4
27. Nxe4 d5 28. Nc3 Nc6 29. Rxe8+ Qxe8 30. Qh4 d4 31. Ne4 d3 32. Qg4 Qe7 33.
Qf3 Nb4 34. a3 Nc2 35. Rxd3 Rxd3 36. Qxd3 Nxa3 37. h3 h6 38. Nd6 Qe1+ 39. Kh2
Qa5 40. g3 Qc5 41. Ne4 Qb4 42. Qf3 a5 43. Qg4 Qe7 44. Qf4 b5 45. g4 Nc4 46. Kg1
a4 47. Qf5 Qb7 48. g5 hxg5 49. Nxg5 g6 50. Qd3 a3 51. Qd8+ Kg7 52. Qd4+ Kg8 53.
Qd8+ Kg7 54. Qd4+ f6 55. Ne6+ Kg8 56. Qxf6 Qf7 57. Qd8+ Kh7 58. Ng5+ Kg7 59.
Nxf7 Kxf7 60. Qd7+ Kf6 61. Qxb5 a2 62. Qa6+ 1-0

[Event "DEM U12w 2017"]
[Site "Willingen GER"]
[Date "2017.06.05"]
[Round "4"]
[White "Reichelt, Lena"]
[Black "Reuter, Elisa"]
[Result "0-1"]
[Termination "normal"]
[Board "5"]
[WhiteElo "1467"]
[BlackElo "1655"]
[WhiteClock "00:38:52"]
[BlackClock "00:50:32"]
[PlyCount "30"]
[WhiteFideId "12981184"]
[BlackFideId "12995444"]
[EventCountry "GER"]
[EventRounds "11"]
[EventType "swiss"]
[EventDate "2017.06.03"]

1. d4 Nf6 2. Nf3 g6 3. e3 Bg7 4. c4 O-O 5. Nc3 d5 6. Bd3 c5 7. O-O Nc6 8. dxc5
dxc4 9. Bxc4 Qa5 10. Qe2 Qxc5 11. Rd1 Bg4 12. Bb3 Ne5 13. e4 Qc8 14. Qe3 Bxf3
15. gxf3 Qh3 0-1

[Event "DEM U12w 2017"]
[Site "Willingen GER"]
[Date "2017.06.05"]
[Round "4"]
[White "Butenandt, Svenja"]
[Black "Bayer, Melissa"]
[Result "1-0"]
[Termination "normal"]
[Board "6"]
[WhiteElo "1473"]
[BlackElo "1583"]
[WhiteClock "00:33:02"]
[BlackClock "00:39:24"]
[PlyCount "53"]
[WhiteFideId "12993859"]
[BlackFideId "16206916"]
[EventCountry "GER"]
[EventRounds "11"]
[EventType "swiss"]
[EventDate "2017.06.03"]

1. e4 e5 2. Nf3 Nc6 3. Nc3 Nf6 4. a3 Bc5 5. Nxe5 Nxe5 6. d4 Bxd4 7. Qxd4 Nc6 8.
Qd1 h6 9. Bf4 d6 10. Qd2 Qe7 11. O-O-O O-O 12. f3 Re8 13. g4 Ne5 14. Be2 Bd7
15. h4 Bc6 16. Qe1 Rad8 17. g5 Nh5 18. Bd2 hxg5 19. hxg5 g6 20. f4 Nd7 21. Bxh5
gxh5 22. Rxh5 Bxe4 23. Qh4 Qe6 24. Nxe4 Qg6 25. f5 Rxe4 26. Rh8+ Kg7 27. f6+
1-0

[Event "DEM U12w 2017"]
[Site "Willingen GER"]
[Date "2017.06.05"]
[Round "4"]
[White "Avetyan, Manan"]
[Black "Oswald, Hannah"]
[Result "0-1"]
[Termination "normal"]
[Board "7"]
[WhiteElo "1284"]
[BlackElo "1502"]
[PlyCount "40"]
[WhiteFideId "16244737"]
[BlackFideId "16214960"]
[EventCountry "GER"]
[EventRounds "11"]
[EventType "swiss"]
[EventDate "2017.06.03"]

1. e4 e5 2. Nf3 Nc6 3. d4 exd4 4. Nxd4 Bc5 5. Be3 Qf6 6. c3 Nge7 7. Bc4 Ne5 8.
Be2 Qg6 9. O-O Qxe4 10. Nd2 Qg6 11. Bf4 d6 12. Nb5 Bb6 13. Bxe5 dxe5 14. Nc4 e4
15. Qd2 Bh3 16. g3 Bxf1 17. Rd1 Bh3 18. g4 Bxg4 19. Nxb6 Bxe2+ 20. Kh1 Bf3# 0-1

[Event "DEM U12w 2017"]
[Site "Willingen GER"]
[Date "2017.06.05"]
[Round "4"]
[White "Doll, Rebecca"]
[Black "Nguyen, Phuong Thao Vivien"]
[Result "0-1"]
[Termination "normal"]
[Board "8"]
[WhiteElo "1473"]
[BlackElo "1540"]
[PlyCount "160"]
[WhiteFideId "16236890"]
[BlackFideId "16210735"]
[EventCountry "GER"]
[EventRounds "11"]
[EventType "swiss"]
[EventDate "2017.06.03"]

1. e4 c5 2. c3 d5 3. exd5 Qxd5 4. d4 Nf6 5. Nf3 Bg4 6. Be2 e6 7. O-O Nc6 8. Be3
cxd4 9. Nxd4 Bxe2 10. Qxe2 Be7 11. Nb5 Qd8 12. Rd1 Nd7 13. N1a3 a6 14. Nd6+
Bxd6 15. Rxd6 Qe7 16. Nc4 O-O 17. Rad1 Rad8 18. Bg5 Qxg5 19. Rxd7 Rxd7 20. Rxd7
Rd8 21. Rxd8+ Qxd8 22. b4 b5 23. Ne3 Qc7 24. a4 Na7 25. axb5 axb5 26. c4 bxc4
27. Qxc4 Qxc4 28. Nxc4 Nb5 29. Kf1 Kf8 30. Ke2 Ke7 31. Kd3 Kd7 32. Na5 Kc7 33.
Kc4 Kb6 34. f4 h6 35. h4 Nd6+ 36. Kc3 Kb5 37. Kd4 Nf5+ 38. Ke4 Nxh4 39. g4 f5+
40. gxf5 Nxf5 41. Kf3 Kxb4 42. Nc6+ Kc5 43. Nd8 Kd6 44. Kg4 Ke7 45. Nc6+ Kf6
46. Ne5 g6 47. Nd7+ Kg7 48. Ne5 Ne7 49. Nd7 Nd5 50. Ne5 Nb6 51. Nf3 Kf6 52. Kh4
Nd5 53. Kg4 Ne3+ 54. Kh4 Nc2 55. Kg4 Ne3+ 56. Kh4 Nd5 57. Kg4 Nb6 58. Nh4 Nd7
59. Kf3 e5 60. fxe5+ Nxe5+ 61. Kg3 g5 62. Ng2 h5 63. Kh3 Kf5 64. Kg3 Ng6 65.
Ne3+ Ke4 66. Ng2 Ne7 67. Nh4 Nf5+ 68. Nxf5 Kxf5 69. Kf3 g4+ 70. Kg3 Ke4 71. Kf2
h4 72. Kg2 g3 73. Kf1 Kf3 74. Kg1 h3 75. Kh1 g2+ 76. Kg1 Ke2 77. Kh2 Kf2 78.
Kxh3 g1=Q 79. Kh4 Qg6 80. Kh3 Qg3# 0-1

[Event "DEM U12w 2017"]
[Site "Willingen GER"]
[Date "2017.06.05"]
[Round "4"]
[White "Kalina, Lena"]
[Black "Breß, Amy Charlize"]
[Result "1-0"]
[Termination "normal"]
[Board "9"]
[WhiteElo "1454"]
[BlackElo "1655"]
[PlyCount "61"]
[WhiteFideId "12988014"]
[BlackFideId "16233786"]
[EventCountry "GER"]
[EventRounds "11"]
[EventType "swiss"]
[EventDate "2017.06.03"]

1. d4 Nf6 2. Nf3 e6 3. c4 c5 4. Nc3 d5 5. cxd5 exd5 6. Bf4 cxd4 7. Nxd4 Nc6 8.
Ndb5 Ke7 9. Nc7 d4 10. Nxa8 dxc3 11. Qxd8+ Nxd8 12. bxc3 Ne6 13. Be5 Nd7 14.
Bg3 Kd8 15. e3 b6 16. Bc4 Ndc5 17. Rd1+ Bd7 18. O-O Kc8 19. Bd5 Bb5 20. c4 Ba6
21. Rb1 Bb7 22. Nxb6+ axb6 23. Rxb6 Bxd5 24. cxd5 Nc7 25. Rc6 N5a6 26. Rfc1 Kd8
27. Bxc7+ Nxc7 28. Rxc7 Ke8 29. Rb1 Be7 30. d6 Bd8 31. Ra7 1-0

[Event "DEM U12w 2017"]
[Site "Willingen GER"]
[Date "2017.06.05"]
[Round "4"]
[White "Erdösi, Anna"]
[Black "Peglau, Mirjam"]
[Result "0-1"]
[Termination "normal"]
[Board "10"]
[WhiteElo "1321"]
[BlackElo "1579"]
[PlyCount "146"]
[WhiteFideId "12993883"]
[BlackFideId "16211138"]
[EventCountry "GER"]
[EventRounds "11"]
[EventType "swiss"]
[EventDate "2017.06.03"]

1. e4 e6 2. d4 d5 3. Nd2 Nf6 4. e5 Nfd7 5. Bd3 c5 6. c3 Nc6 7. Ne2 Be7 8. Nf3
cxd4 9. cxd4 Nb4 10. Bb5 Qb6 11. Bd3 Nxd3+ 12. Qxd3 f6 13. O-O O-O 14. b3 fxe5
15. Nxe5 Nxe5 16. dxe5 Bd7 17. Be3 Qd8 18. f4 a6 19. a4 b5 20. Rf3 Rf7 21. Rh3
g6 22. axb5 Bxb5 23. Qd2 Bxe2 24. Qxe2 Qb8 25. Rxa6 Qc8 26. Rxa8 Qxa8 27. Qb5
Qa1+ 28. Kf2 d4 29. Qe8+ Bf8 30. Bd2 Qd1 31. Be1 Rxf4+ 32. Rf3 Rxf3+ 33. gxf3
Qxb3 34. h4 Qe3+ 35. Kf1 Qxf3+ 36. Kg1 Qg4+ 37. Kf1 Qf4+ 38. Ke2 Qxe5+ 39. Kd2
Qf4+ 40. Kd1 Qf3+ 41. Kd2 Qe3+ 42. Kd1 d3 43. Bd2 Qg1+ 44. Be1 Qg4+ 45. Kd2
Qe2+ 46. Kc3 Qxe1+ 47. Kxd3 Qg3+ 48. Kd2 Qd6+ 49. Ke2 Qe7 50. Qc6 Qxh4 51.
Qxe6+ Kg7 52. Qe5+ Qf6 53. Qc7+ Qe7+ 54. Qxe7+ Bxe7 55. Kf3 Kf6 56. Kg4 h5+ 57.
Kh4 Kf5+ 58. Kg3 g5 59. Kh3 g4+ 60. Kg3 h4+ 61. Kg2 h3+ 62. Kh1 Bd6 63. Kg1 g3
64. Kh1 g2+ 65. Kg1 Kg4 66. Kf2 Bc5+ 67. Ke2 g1=Q 68. Kd2 h2 69. Kd3 h1=R 70.
Kc4 Qd4+ 71. Kb3 Rh3+ 72. Kc2 Qf2+ 73. Kc1 Rh1# 0-1

[Event "DEM U12w 2017"]
[Site "Willingen GER"]
[Date "2017.06.05"]
[Round "4"]
[White "Zixin, Li"]
[Black "Gehrke, Gina Celina"]
[Result "1-0"]
[Termination "normal"]
[Board "11"]
[WhiteElo "1094"]
[BlackElo "1435"]
[PlyCount "71"]
[WhiteFideId "16244770"]
[BlackFideId "16205979"]
[EventCountry "GER"]
[EventRounds "11"]
[EventType "swiss"]
[EventDate "2017.06.03"]

1. e4 c5 2. Nc3 g6 3. g3 Nc6 4. Bg2 Bg7 5. d3 d6 6. f4 Nf6 7. Nf3 O-O 8. O-O
Bd7 9. Be3 Rb8 10. Qd2 b5 11. h3 b4 12. Ne2 a5 13. g4 Qc8 14. Ng3 Ne8 15. Rab1
a4 16. f5 Nc7 17. Bh6 Nb5 18. Bxg7 Kxg7 19. Ne2 a3 20. b3 f6 21. d4 Rd8 22. c4
Nc7 23. d5 Ne5 24. Nxe5 fxe5 25. Qg5 Be8 26. f6+ exf6 27. Qxf6+ Kh6 28. g5+ Kh5
29. Ng3+ Kh4 30. Nf5+ gxf5 31. Qh6+ Bh5 32. Bf3 Kg3 33. Qxh5 fxe4 34. Bxe4 Rf8
35. Rxf8 Qxf8 36. Qg4# 1-0

[Event "DEM U12w 2017"]
[Site "Willingen GER"]
[Date "2017.06.05"]
[Round "4"]
[White "Werner, Rosalie"]
[Black "Jünk, Ellen"]
[Result "1-0"]
[Termination "normal"]
[Board "12"]
[WhiteElo "1397"]
[BlackElo "1446"]
[PlyCount "53"]
[WhiteFideId "16223748"]
[BlackFideId "16206487"]
[EventCountry "GER"]
[EventRounds "11"]
[EventType "swiss"]
[EventDate "2017.06.03"]

1. e4 e5 2. Nf3 Nc6 3. Bc4 Bc5 4. c3 Nf6 5. d4 exd4 6. e5 Ne4 7. Bd5 f5 8. cxd4
Bb6 9. Nc3 Nxc3 10. bxc3 d6 11. Bg5 Ne7 12. Qb3 h6 13. Bf7+ Kf8 14. Bh5 d5 15.
Bxe7+ Qxe7 16. Qxd5 c6 17. Qb3 a5 18. Qxb6 Rg8 19. Nd2 Ra6 20. Qb2 b5 21. Be2
Qg5 22. O-O f4 23. Ne4 Qg6 24. f3 Bf5 25. Nd6 Be6 26. a4 bxa4 27. Bxa6 1-0

[Event "DEM U12w 2017"]
[Site "Willingen GER"]
[Date "2017.06.05"]
[Round "4"]
[White "Schneider, Anna"]
[Black "Pflugradt, Natalie"]
[Result "1-0"]
[Termination "normal"]
[Board "13"]
[WhiteElo "1412"]
[BlackElo "1485"]
[PlyCount "65"]
[WhiteFideId "16200527"]
[BlackFideId "16212444"]
[EventCountry "GER"]
[EventRounds "11"]
[EventType "swiss"]
[EventDate "2017.06.03"]

1. e4 e5 2. Nf3 Nc6 3. d4 exd4 4. Bc4 Bc5 5. c3 Nf6 6. cxd4 Bb4+ 7. Bd2 Bxd2+
8. Nbxd2 d5 9. exd5 Nxd5 10. Qb3 Nce7 11. O-O O-O 12. Rfe1 c6 13. a4 Qb6 14.
Qa3 Bf5 15. Rxe7 Nxe7 16. Qxe7 Rad8 17. Nb3 Rde8 18. Qd6 Qd8 19. Qc5 a6 20.
Qxf5 h6 21. h3 Re7 22. Rd1 Qc7 23. Bd3 g6 24. Qf6 Re6 25. Qh4 Kg7 26. Bc4 Re7
27. Qg3 Qc8 28. Qg4 Qc7 29. Nh4 Kh8 30. Nd2 Ree8 31. Ndf3 h5 32. Qg5 Kh7 33.
Qf6 1-0

[Event "DEM U12w 2017"]
[Site "Willingen GER"]
[Date "2017.06.05"]
[Round "4"]
[White "Hentschel, Lena"]
[Black "Evering, Enna"]
[Result "1-0"]
[Termination "normal"]
[Board "14"]
[WhiteElo "1305"]
[BlackElo "1419"]
[PlyCount "49"]
[WhiteFideId "16240324"]
[BlackFideId "16218213"]
[EventCountry "GER"]
[EventRounds "11"]
[EventType "swiss"]
[EventDate "2017.06.03"]

1. e4 e5 2. Nf3 Nc6 3. Bc4 Nf6 4. d3 Be7 5. O-O O-O 6. Re1 d6 7. h3 Na5 8. Bb3
Nxb3 9. axb3 b6 10. Nbd2 Bb7 11. Nf1 Qd7 12. Ng3 h6 13. Nf5 Bd8 14. N3h4 c6 15.
Qf3 Re8 16. Qg3 Nh5 17. Qg4 Bxh4 18. Nxh6+ Kh8 19. Qxd7 gxh6 20. Qxb7 Rg8 21.
Qxf7 Raf8 22. Qxh5 Bxf2+ 23. Kh1 Rf6 24. Bxh6 Bxe1 25. Bf8+ 1-0

[Event "DEM U12w 2017"]
[Site "Willingen GER"]
[Date "2017.06.05"]
[Round "4"]
[White "Wiemann, Vanessa"]
[Black "Adelhardt, Lisa"]
[Result "1/2-1/2"]
[Termination "normal"]
[Board "15"]
[WhiteElo "1305"]
[BlackElo "1324"]
[PlyCount "114"]
[WhiteFideId "12942987"]
[BlackFideId "16235380"]
[EventCountry "GER"]
[EventRounds "11"]
[EventType "swiss"]
[EventDate "2017.06.03"]

1. e4 e5 2. Nf3 Nc6 3. Bc4 Bc5 4. c3 Nf6 5. d4 exd4 6. cxd4 Bb4+ 7. Bd2 Bxd2+
8. Nbxd2 d5 9. exd5 Nxd5 10. Qb3 Na5 11. Qa4+ c6 12. Bxd5 Qxd5 13. O-O O-O 14.
Rac1 b6 15. b4 Nb7 16. Qxc6 Qxa2 17. Ra1 Qe6 18. Qxe6 Bxe6 19. Ra3 Rfd8 20.
Rfa1 a5 21. h3 h6 22. bxa5 bxa5 23. Rd1 a4 24. Rda1 Bd7 25. Nc4 Ra6 26. Rb1 Nd6
27. Nxd6 Rxd6 28. Rd1 f6 29. Rad3 Be6 30. Ra1 Ra8 31. Rda3 Rda6 32. Rd1 Bd5 33.
Rda1 Bb3 34. Nd2 Bd5 35. f3 Kf7 36. Kf2 f5 37. g4 Kf6 38. Ke3 g5 39. Nb1 f4+
40. Kf2 Ke6 41. Nc3 Bc6 42. Re1+ Kd6 43. Rea1 Ke6 44. Rd1 Bd5 45. Nb5 Kd7 46.
Rc1 Bc6 47. Nc3 Kd6 48. Rd1 Bd5 49. Nb5+ Kd7 50. Nc3 Kd6 51. Rda1 Bb3 52. Rc1
Rc6 53. Ke2 Re8+ 54. Kd2 Re3 55. Ne4+ Kd5 56. Nc3+ Kd6 57. Nb5+ Kd5 1/2-1/2

[Event "DEM U12w 2017"]
[Site "Willingen GER"]
[Date "2017.06.05"]
[Round "4"]
[White "Karlinger De la Quintana, Ainhoa"]
[Black "Schulz, Hannah"]
[Result "1/2-1/2"]
[Termination "normal"]
[Board "16"]
[WhiteElo "1344"]
[BlackElo "1218"]
[PlyCount "113"]
[WhiteFideId "16217268"]
[BlackFideId "16244745"]
[EventCountry "GER"]
[EventRounds "11"]
[EventType "swiss"]
[EventDate "2017.06.03"]

1. b4 e5 2. Bb2 d6 3. c4 Nd7 4. e3 g6 5. Nf3 Bg7 6. Be2 Ngf6 7. O-O O-O 8. d4
exd4 9. exd4 c6 10. Nc3 d5 11. c5 b6 12. Qc2 Re8 13. Rfe1 Nf8 14. Ne5 Bb7 15.
b5 cxb5 16. Bxb5 Re6 17. c6 Bc8 18. Ne2 a6 19. c7 Qd6 20. Ba4 b5 21. Bb3 Ra7
22. Rec1 Ne8 23. Bxd5 Qxd5 24. Nf4 Qd6 25. Nxe6 Qxe6 26. Re1 Qd5 27. Nc6 Rxc7
28. Ne7+ Rxe7 29. Rxe7 Bb7 30. f3 Nd6 31. Kh1 Bxd4 32. Bxd4 Qxd4 33. Rd1 Qf6
34. Re2 Nf5 35. Qb2 Qh4 36. Kg1 Qg5 37. Rf1 Nh4 38. Qe5 Qh6 39. Qb8 Bd5 40. Rc2
Qe3+ 41. Rcf2 Bxa2 42. Qa8 b4 43. Qe4 Qxe4 44. fxe4 b3 45. Rb2 a5 46. Ra1 Ne6
47. Raxa2 bxa2 48. Rxa2 Nc5 49. Rxa5 Nxe4 50. Ra8+ Kg7 51. Ra4 f5 52. g4 Nf3+
53. Kh1 Nh4 54. g5 Nf3 55. Ra7+ Kg8 56. Ra8+ Kg7 57. Ra7+ 1/2-1/2

[Event "DEM U12w 2017"]
[Site "Willingen GER"]
[Date "2017.06.05"]
[Round "4"]
[White "Gossing, Marie-Sophie"]
[Black "Fayngold, Sophie"]
[Result "1-0"]
[Termination "normal"]
[Board "17"]
[WhiteElo "1033"]
[BlackElo "1139"]
[PlyCount "49"]
[WhiteFideId "16217284"]
[EventCountry "GER"]
[EventRounds "11"]
[EventType "swiss"]
[EventDate "2017.06.03"]

1. e4 e5 2. Nf3 Nc6 3. d4 exd4 4. Nxd4 Qh4 5. Nc3 Bb4 6. Qd3 Nf6 7. Bd2 Bxc3 8.
Bxc3 Nxe4 9. Qe3 d6 10. Nxc6 bxc6 11. Bxg7 Rg8 12. Bc3 Kd8 13. g3 Qe7 14. Bg2
Bf5 15. O-O-O Re8 16. Rhe1 Qe6 17. Kb1 Kd7 18. f3 Nxc3+ 19. Qxc3 Qg6 20. f4 d5
21. Bxd5 Rxe1 22. Bxc6+ Ke7 23. Rxe1+ Kf8 24. Bxa8 Qd6 25. Qh8# 1-0

[Event "DEM U12w 2017"]
[Site "Willingen GER"]
[Date "2017.06.05"]
[Round "4"]
[White "Becker, Linda"]
[Black "Petersen, Sophie"]
[Result "1-0"]
[Termination "normal"]
[Board "19"]
[WhiteElo "1142"]
[BlackElo "1498"]
[PlyCount "105"]
[WhiteFideId "16244753"]
[BlackFideId "16229380"]
[EventCountry "GER"]
[EventRounds "11"]
[EventType "swiss"]
[EventDate "2017.06.03"]

1. e4 c5 2. c3 Nc6 3. d4 cxd4 4. cxd4 d6 5. Nc3 Nf6 6. Nf3 g6 7. Bb5 Bd7 8. O-O
Bg7 9. Bg5 O-O 10. Qd2 a6 11. Ba4 Re8 12. Bh6 e5 13. d5 Na5 14. Bxd7 Qxd7 15.
h3 Nc4 16. Qc1 b5 17. b3 Nb6 18. Qg5 Nh5 19. Ne2 Qe7 20. Qe3 Nd7 21. Nh2 Ndf6
22. Ng3 Rac8 23. Rac1 Qd7 24. Qg5 Nxg3 25. fxg3 Qa7+ 26. Qe3 Qxe3+ 27. Bxe3
Nxe4 28. g4 Ng3 29. Rfe1 e4 30. Kf2 Be5 31. Rc6 h5 32. Rxa6 h4 33. a4 Rc2+ 34.
Kg1 Ne2+ 35. Kh1 Ng3+ 36. Kg1 Ne2+ 37. Kf1 Bxh2 38. Rxe2 Rc7 39. Rb6 bxa4 40.
bxa4 Ra8 41. Ra2 Bg3 42. Rb3 Rac8 43. Rab2 Rc3 44. a5 Rxb3 45. Rxb3 Ra8 46. Ra3
f5 47. a6 f4 48. Bb6 e3 49. a7 Kf7 50. Bd4 Ke7 51. Rb3 Rc8 52. Rb7+ Kd8 53. Rb8
1-0

[Event "DEM U12w 2017"]
[Site "Willingen GER"]
[Date "2017.06.06"]
[Round "5"]
[White "Heutling, Elina"]
[Black "Orlova, Alicia"]
[Result "1/2-1/2"]
[Termination "normal"]
[Board "1"]
[WhiteElo "1461"]
[BlackElo "1452"]
[WhiteClock "00:08:05"]
[BlackClock "00:42:55"]
[PlyCount "87"]
[WhiteFideId "16244729"]
[BlackFideId "34154563"]
[EventCountry "GER"]
[EventRounds "11"]
[EventType "swiss"]
[EventDate "2017.06.03"]

1. e4 {[%clk 1:15:58]} 1... e5 {[%clk 1:15:54]} 2. Nf3 {[%clk 1:16:23]} 2...
Nc6 {[%clk 1:16:14]} 3. Bc4 {[%clk 1:16:44]} 3... Bc5 {[%clk 1:16:33]} 4. c3 {
[%clk 1:17:08]} 4... d6 {[%clk 1:16:49]} 5. d4 {[%clk 1:14:13]} 5... exd4 {
[%clk 1:17:11]} 6. cxd4 {[%clk 1:14:37]} 6... Bb6 {[%clk 1:17:35]} 7. Nc3 {
[%clk 1:12:37]} 7... Nf6 {[%clk 1:17:21]} 8. d5 {[%clk 1:02:20]} 8... Ne5 {
[%clk 1:15:25]} 9. Nxe5 {[%clk 1:02:10]} 9... dxe5 {[%clk 1:15:45]} 10. O-O {
[%clk 1:01:39]} 10... O-O {[%clk 1:15:33]} 11. Bg5 {[%clk 1:00:12]} 11... h6 {
[%clk 1:15:37]} 12. Bh4 {[%clk 1:00:31]} 12... Qd6 {[%clk 1:15:09]} 13. Kh1 {
[%clk 0:53:06]} 13... Ne8 {[%clk 1:14:01]} 14. Bg3 {[%clk 0:50:08]} 14... Qf6 {
[%clk 1:12:14]} 15. f4 {[%clk 0:46:16]} 15... exf4 {[%clk 1:07:18]} 16. Rxf4 {
[%clk 0:45:49]} 16... Qe7 {[%clk 1:07:06]} 17. Qe2 {[%clk 0:39:47]} 17... Nd6 {
[%clk 1:05:34]} 18. Bb3 {[%clk 0:38:59]} 18... Re8 {[%clk 1:03:52]} 19. Re1 {
[%clk 0:37:11]} 19... Bd7 {[%clk 1:01:46]} 20. Bc2 {[%clk 0:35:39]} 20... Ba5 {
[%clk 0:57:32]} 21. e5 {[%clk 0:27:24]} 21... Bxc3 {[%clk 0:56:11]} 22. bxc3 {
[%clk 0:27:14]} 22... c6 {[%clk 0:53:29]} 23. Qd3 {[%clk 0:24:21]} 23... Bf5 {
[%clk 0:49:54]} 24. Qd2 {[%clk 0:20:04]} 24... Bxc2 {[%clk 0:48:39]} 25. exd6 {
[%clk 0:19:49]} 25... Qxd6 {[%clk 0:47:25]} 26. Rfe4 {[%clk 0:16:57]} 26... Qd7
{[%clk 0:41:12]} 27. Rxe8+ {[%clk 0:16:42]} 27... Rxe8 {[%clk 0:41:24]} 28.
Rxe8+ {[%clk 0:16:30]} 28... Qxe8 {[%clk 0:41:47]} 29. Qxc2 {[%clk 0:16:30]}
29... cxd5 {[%clk 0:42:03]} 30. Qb3 {[%clk 0:16:09]} 30... Qc6 {[%clk 0:42:04]}
31. h3 {[%clk 0:14:32]} 31... b5 {[%clk 0:40:01]} 32. Qb4 {[%clk 0:11:33]}
32... a6 {[%clk 0:39:37]} 33. Bf2 {[%clk 0:08:33]} 33... Qc4 {[%clk 0:37:58]}
34. Qa5 {[%clk 0:06:35]} 34... Qc8 {[%clk 0:36:37]} 35. Bd4 {[%clk 0:05:39]}
35... Kh7 {[%clk 0:35:49]} 36. Qb6 {[%clk 0:03:38]} 36... Qe6 {[%clk 0:33:39]}
37. Qc5 {[%clk 0:02:03]} 37... Kg8 {[%clk 0:33:17]} 38. Kh2 {[%clk 0:01:41]}
38... g6 {[%clk 0:31:42]} 39. Qb6 {[%clk 0:01:08]} 39... Qxb6 {[%clk 0:31:33]}
40. Bxb6 40... f5 {[%clk 0:31:46]} 41. Kg3 {[%clk 0:15:10]} 41... Kf7 { [%clk
0:46:58]} 42. Kf4 {[%clk 0:12:13]} 42... Ke6 {[%clk 0:44:12]} 43. h4 { [%clk
0:10:11]} 43... Kd6 {[%clk 0:42:55]} 44. Bd4 {[%clk 0:08:05]  Ke5+  Ke4+}
1/2-1/2

[Event "DEM U12w 2017"]
[Site "Willingen GER"]
[Date "2017.06.06"]
[Round "5"]
[White "Oswald, Hannah"]
[Black "Ziegenfuß, Antonia"]
[Result "1-0"]
[Termination "normal"]
[Board "2"]
[WhiteElo "1502"]
[BlackElo "1911"]
[WhiteClock "00:09:14"]
[BlackClock "00:00:46"]
[PlyCount "73"]
[WhiteFideId "16214960"]
[BlackFideId "12962554"]
[EventCountry "GER"]
[EventRounds "11"]
[EventType "swiss"]
[EventDate "2017.06.03"]

1. e4 {[%clk 1:15:58]} 1... c5 {[%clk 1:15:54]} 2. Nf3 {[%clk 1:16:22]} 2... e6
{[%clk 1:16:16]} 3. d4 {[%clk 1:16:42]} 3... cxd4 {[%clk 1:16:38]} 4. Nxd4 {
[%clk 1:16:59]} 4... Nf6 {[%clk 1:16:58]} 5. Bd3 {[%clk 1:10:30]} 5... Nc6 {
[%clk 1:16:11]} 6. Nb3 {[%clk 1:10:33]} 6... Qc7 {[%clk 1:07:46]} 7. Nc3 {
[%clk 1:07:25]} 7... Bb4 {[%clk 1:06:00]} 8. Bd2 {[%clk 1:01:58]} 8... a6 9.
O-O {[%clk 0:56:46]} 9... O-O {[%clk 0:50:06]} 10. f4 {[%clk 0:51:20]} 10... b6
{[%clk 0:22:57]} 11. a3 {[%clk 0:41:02]} 11... Bc5+ {[%clk 0:21:34]} 12. Nxc5 {
[%clk 0:40:30]} 12... bxc5 {[%clk 0:22:00]} 13. e5 {[%clk 0:39:48]} 13... Nd5 {
[%clk 0:19:01]} 14. Nxd5 {[%clk 0:38:45]} 14... exd5 {[%clk 0:19:24]} 15. b3 {
[%clk 0:32:56]} 15... Bb7 {[%clk 0:18:35]} 16. Qh5 {[%clk 0:30:50]} 16... g6 {
[%clk 0:17:48]} 17. Qh4 {[%clk 0:28:13]} 17... Qd8 {[%clk 0:16:29]} 18. Qg3 {
[%clk 0:27:43]} 18... Qe7 {[%clk 0:14:42]} 19. Rae1 {[%clk 0:26:05]} 19... d6 {
[%clk 0:13:29]} 20. exd6 {[%clk 0:22:47]} 20... Qxd6 {[%clk 0:13:40]} 21. Bc1 {
[%clk 0:20:05]} 21... Rae8 {[%clk 0:12:47]} 22. Qg5 {[%clk 0:19:36]} 22... Qd8
{[%clk 0:11:59]} 23. Qh6 {[%clk 0:19:05]} 23... Qf6 {[%clk 0:10:07]} 24. f5 {
[%clk 0:16:57]} 24... Qg7 {[%clk 0:07:20]} 25. Qh3 {[%clk 0:15:25]} 25... h5 {
[%clk 0:05:51]} 26. fxg6 {[%clk 0:14:17]} 26... fxg6 {[%clk 0:06:03]} 27. Rxf8+
{[%clk 0:14:02]} 27... Rxf8 {[%clk 0:06:19]} 28. Qe6+ {[%clk 0:14:02]} 28...
Qf7 {[%clk 0:02:36]} 29. Bxg6 {[%clk 0:13:12]} 29... Qxe6 {[%clk 0:02:52]} 30.
Rxe6 {[%clk 0:13:36]} 30... Nd4 {[%clk 0:02:08]} 31. Re7 {[%clk 0:12:27]} 31...
Bc6 {[%clk 0:01:22]} 32. Bb2 {[%clk 0:10:24]} 32... Bb5 {[%clk 0:01:00]} 33.
Bd3 {[%clk 0:09:41]} 33... Nf5 {[%clk 0:00:57]} 34. Re5 {[%clk 0:09:05]} 34...
Bxd3 {[%clk 0:00:42]} 35. cxd3 {[%clk 0:09:29]} 35... Rf7 {[%clk 0:00:39]} 36.
h3 {[%clk 0:08:57]} 36... Ng3 {[%clk 0:00:46]} 37. Rg5+ {[%clk 0:09:14]} 1-0